[Event "Rheinland Pfalz op 7th"]
[Site "Frankenthal"]
[Date "2015.06.06"]
[Round "6"]
[White "Hahmann, Markus"]
[Black "Gelfenbaum, Daniel"]
[Result "1-0"]
[WhiteElo "1828"]
[BlackElo "1669"]
[PlyCount "41"]
[EventDate "2015.06.04"]
[EventType "swiss"]
[EventRounds "7"]
[EventCountry "GER"]
[SourceTitle "EXT 2017"]
[Source "ChessBase"]
[SourceDate "2016.10.25"]
[SourceVersion "1"]
[SourceVersionDate "2016.10.25"]
[SourceQuality "1"]

1. d4 d5 2. Nc3 Nf6 3. Bg5 Bf5 4. Nf3 e6 5. Nh4 Bg6 6. Nxg6 hxg6 7. e4 dxe4 8. Nxe4 Be7 9. Bxf6 Bxf6 10. c3 Nc6 11. Qb3 Rb8 12. g3 Qd5 13. Bg2 Qxb3 14. axb3 a6 15. Nc5 Nd8 16. 0-0 Be7 17. Nd3 0-0 18. Ne5 Re8 19. b4 Bd6 20. Nc4 c6 21. Nxd6 1-0

[Event "Hessen-ch U12"]
[Site "Bad Homburg"]
[Date "2015.04.03"]
[Round "7"]
[White "Kotliarevski, Dennis"]
[Black "Gelfenbaum, Daniel"]
[Result "0-1"]
[WhiteElo "1581"]
[BlackElo "1715"]
[PlyCount "74"]
[EventDate "2015.03.30"]
[EventType "swiss"]
[EventRounds "9"]
[EventCountry "GER"]
[SourceTitle "EXT 2017"]
[Source "ChessBase"]
[SourceDate "2016.10.25"]
[SourceVersion "1"]
[SourceVersionDate "2016.10.25"]
[SourceQuality "1"]

1. e4 c6 2. d4 d5 3. Nc3 dxe4 4. Nxe4 Bf5 5. Ng3 Bg6 6. Nh3 e6 7. Nf4 Qc7 8. c3 Bd6 9. Qf3 Nf6 10. Bc4 Nbd7 11. Be3 e5 12. Nxg6 hxg6 13. 0-0-0 0-0-0 14. d5 cxd5 15. Bxd5 Nxd5 16. Qxd5 Nf6 17. Qf3 a5 18. Kb1 Kb8 19. Bg5 Be7 20. h3 Nh7 21. Bxe7 Qxe7 22. Rhe1 Rhe8 23. Kc2 f5 24. Rxd8+ Rxd8 25. Rd1 Ng5 26. Rxd8+ Qxd8 27. Qe2 e4 28. f3 exf3 29. Qxf3 Nxf3 30. gxf3 Qg5 31. Ne2 Qg2 32. Kd3 Qxf3+ 33. Kd2 Qxh3 34. b3 g5 35. a4 g4 36. b4 axb4 37. cxb4 g3 0-1

[Event "Hessen-ch U12"]
[Site "Bad Homburg"]
[Date "2015.04.01"]
[Round "3"]
[White "Woellenstein, Sebastian"]
[Black "Gelfenbaum, Daniel"]
[Result "1/2-1/2"]
[WhiteElo "1375"]
[BlackElo "1715"]
[PlyCount "62"]
[EventDate "2015.03.30"]
[EventType "swiss"]
[EventRounds "9"]
[EventCountry "GER"]
[SourceTitle "EXT 2017"]
[Source "ChessBase"]
[SourceDate "2016.10.25"]
[SourceVersion "1"]
[SourceVersionDate "2016.10.25"]
[SourceQuality "1"]

1. e4 c6 2. d4 d5 3. Nd2 dxe4 4. Nxe4 Bf5 5. Ng3 Bg6 6. Nh3 e6 7. Nf4 Qc7 8. c3 Bd6 9. Qf3 Nf6 10. h4 Bf5 11. Nxf5 exf5 12. Bd3 g6 13. Qe3+ Be7 14. Bd2 Nd5 15. Nxd5 cxd5 16. Qe5 Qxe5+ 17. dxe5 Nc6 18. f4 d4 19. Bb5 dxc3 20. Bxc3 0-0-0 21. Rd1 a6 22. Bc4 Rhf8 23. Rxd8+ Nxd8 24. h5 Ne6 25. hxg6 hxg6 26. g3 g5 27. Rh7 Kd7 28. Kf2 gxf4 29. gxf4 Nxf4 30. Bxf7 Ne6 31. Bh5 b6 1/2-1/2

[Event "Hessen-ch U12"]
[Site "Bad Homburg"]
[Date "2015.03.30"]
[Round "2"]
[White "Gelfenbaum, Daniel"]
[Black "Martin, Lukas"]
[Result "1-0"]
[WhiteElo "1715"]
[BlackElo "1449"]
[PlyCount "47"]
[EventDate "2015.03.30"]
[EventType "swiss"]
[EventRounds "9"]
[EventCountry "GER"]
[SourceTitle "EXT 2017"]
[Source "ChessBase"]
[SourceDate "2016.10.25"]
[SourceVersion "1"]
[SourceVersionDate "2016.10.25"]
[SourceQuality "1"]

1. e4 d5 2. exd5 Nf6 3. d4 Nxd5 4. Nf3 Bg4 5. c4 Nb6 6. Be2 e6 7. Nc3 Nc6 8. d5 exd5 9. Nxd5 Bd6 10. Bg5 f6 11. Be3 Ne5 12. c5 Nxd5 13. Qxd5 Nxf3+ 14. gxf3 Be5 15. Qxd8+ Rxd8 16. fxg4 Bxb2 17. Rb1 Bc3+ 18. Kf1 b6 19. cxb6 cxb6 20. Rd1 Rxd1+ 21. Bxd1 0-0 22. Bb3+ Kh8 23. Ke2 Re8 24. Rd1 1-0

[Event "Heusenstamm Schloss op 1st"]
[Site "Heusenstamm"]
[Date "2014.11.20"]
[Round "1"]
[White "Gelfenbaum, Daniel"]
[Black "Heider, Martin"]
[Result "0-1"]
[WhiteElo "1715"]
[BlackElo "2132"]
[PlyCount "44"]
[EventDate "2014.11.20"]
[EventType "swiss"]
[EventRounds "7"]
[EventCountry "GER"]
[SourceTitle "CBM 163 Extra"]
[Source "ChessBase"]
[SourceDate "2014.12.23"]
[SourceVersion "1"]
[SourceVersionDate "2014.12.23"]
[SourceQuality "1"]

1. e4 c6 2. d4 d5 3. Nc3 dxe4 4. Nxe4 Bf5 5. Ng3 Bg6 6. Nf3 Nd7 7. h4 h6 8. h5 Bh7 9. Bd3 Bxd3 10. Qxd3 e6 11. Bd2 Ngf6 12. 0-0-0 Be7 13. Qe2 Rc8 14. Ne5 c5 15. Be3 c4 16. Nxc4 Qc7 17. Na3 Bxa3 18. bxa3 0-0 19. Rh3 Qa5 20. Rd3 Qd5 21. Rh1 Qxa2 22. Rb3 Qxb3 0-1

[Event "Wiesbaden op 26th"]
[Site "Wiesbaden"]
[Date "2014.08.29"]
[Round "2"]
[White "Gelfenbaum, Daniel"]
[Black "Werner, Dimo"]
[Result "1/2-1/2"]
[WhiteElo "1716"]
[BlackElo "2097"]
[PlyCount "24"]
[EventDate "2014.08.28"]
[EventType "swiss"]
[EventRounds "7"]
[EventCountry "GER"]
[SourceTitle "CBM 162 Extra"]
[Source "ChessBase"]
[SourceDate "2014.10.17"]
[SourceVersion "1"]
[SourceVersionDate "2014.10.17"]
[SourceQuality "1"]

1. e4 e5 2. Nf3 d6 3. d4 exd4 4. Nxd4 Nf6 5. Nc3 Be7 6. Be2 0-0 7. 0-0 Nc6 8. Be3 Bd7 9. f4 Nxd4 10. Bxd4 Bc6 11. e5 Nd7 12. Bc4 dxe5 1/2-1/2

[Event "Karl Mala Memorial op-A 17th"]
[Site "Frankfurt"]
[Date "2014.08.03"]
[Round "6"]
[White "Gelfenbaum, Daniel"]
[Black "Haftmann, Rainer"]
[Result "0-1"]
[WhiteElo "1716"]
[BlackElo "1920"]
[PlyCount "84"]
[EventDate "2014.07.31"]
[EventType "swiss"]
[EventRounds "7"]
[EventCountry "GER"]
[SourceTitle "EXT 2015"]
[Source "ChessBase"]
[SourceDate "2014.11.20"]
[SourceVersion "1"]
[SourceVersionDate "2014.11.20"]
[SourceQuality "1"]

1. e4 e5 2. Nf3 Nc6 3. d4 exd4 4. Nxd4 Bc5 5. Nb3 Bb6 6. Nc3 Qf6 7. Qe2 Nge7 8. Be3 0-0 9. 0-0-0 d6 10. g3 Be6 11. Bg2 Bxe3+ 12. Qxe3 a6 13. f4 Bxb3 14. axb3 Rad8 15. g4 Qh4 16. h3 Rfe8 17. Qd2 h6 18. Rhg1 g5 19. Nd5 Nxd5 20. exd5 Nb8 21. Rgf1 Nd7 22. Kb1 gxf4 23. Qxf4 Ne5 24. Be4 Qg5 25. Qxg5+ hxg5 26. Rf5 Ng6 27. Bd3 Re5 28. Rdf1 Nf4 29. Kc1 Kg7 30. h4 Nxd3+ 31. cxd3 Rxf5 32. Rxf5 gxh4 33. Rh5 Rh8 34. Rg5+ Kf6 35. Rf5+ Kg6 36. Rf1 h3 37. Kd2 h2 38. Rh1 Kg5 39. Ke1 Kxg4 40. Kf2 Rh3 41. Kf1 Kg3 42. b4 Rh5 0-1

[Event "GER-ch U10"]
[Site "Magdeburg"]
[Date "2014.06.12"]
[Round "8"]
[White "Gelfenbaum, Daniel"]
[Black "Sulayev, Daniel"]
[Result "1-0"]
[WhiteElo "1643"]
[BlackElo "1334"]
[PlyCount "51"]
[EventDate "2014.06.08"]
[EventType "swiss"]
[EventRounds "11"]
[EventCountry "GER"]
[SourceTitle "CBM 160 Extra"]
[Source "ChessBase"]
[SourceDate "2014.07.01"]
[SourceVersion "1"]
[SourceVersionDate "2014.07.01"]
[SourceQuality "1"]

1. e4 d6 2. d4 Nf6 3. Nc3 g6 4. Nf3 Bg7 5. Bc4 0-0 6. 0-0 Nxe4 7. Nxe4 d5 8. Bd3 dxe4 9. Bxe4 Nd7 10. c3 c5 11. Bg5 cxd4 12. Nxd4 Nf6 13. Bc2 Qc7 14. h3 a6 15. Qe2 e6 16. Rfe1 Bd7 17. Rad1 Rac8 18. Qf3 Nd5 19. Be4 Bc6 20. c4 Nb6 21. Bf6 Bxe4 22. Rxe4 Nxc4 23. Bxg7 Kxg7 24. Qc3 Nd6 25. Nxe6+ Kg8 26. Qg7# 1-0

[Event "GER-ch U10"]
[Site "Magdeburg"]
[Date "2014.06.11"]
[Round "7"]
[White "Kamp, Adrian"]
[Black "Gelfenbaum, Daniel"]
[Result "0-1"]
[WhiteElo "1310"]
[BlackElo "1643"]
[PlyCount "106"]
[EventDate "2014.06.08"]
[EventType "swiss"]
[EventRounds "11"]
[EventCountry "GER"]
[SourceTitle "CBM 160 Extra"]
[Source "ChessBase"]
[SourceDate "2014.07.01"]
[SourceVersion "1"]
[SourceVersionDate "2014.07.01"]
[SourceQuality "1"]

1. e4 c6 2. d4 d5 3. exd5 cxd5 4. Bd3 Nf6 5. Nf3 Nc6 6. c3 e6 7. Bf4 Bd6 8. Bxd6 Qxd6 9. 0-0 0-0 10. Nbd2 Re8 11. Re1 b6 12. Ne5 Bb7 13. Qe2 Nd7 14. Ndf3 Ndxe5 15. Nxe5 Nxe5 16. Qxe5 Qxe5 17. Rxe5 Rac8 18. Rae1 h6 19. f4 a6 20. f5 Rc6 21. Rxd5 Rxc3 22. bxc3 Bxd5 23. c4 Bc6 24. d5 exd5 25. Rxe8+ Bxe8 26. cxd5 a5 27. Kf2 Kf8 28. Ke3 Ke7 29. Ke4 f6 30. g4 Kd6 31. Kd4 Bf7 32. Bc4 b5 33. Bxb5 Bxd5 34. a3 Bf3 35. h3 Bg2 36. h4 Bf3 37. g5 hxg5 38. hxg5 fxg5 39. Ke3 g4 40. Kf4 Kc5 41. Ba4 Kc4 42. Bd7 Kb3 43. a4 Kb4 44. Bb5 Kc3 45. Kg3 Kd2 46. Bd7 Ke3 47. Bc8 Ke4 48. Be6 Bd1 49. Bc8 Ke5 50. Be6 g6 51. Bd7 gxf5 52. Bb5 f4+ 53. Kf2 Kd4 0-1

[Event "Nuremberg Zabo op 15th"]
[Site "Nuremberg"]
[Date "2013.09.21"]
[Round "2"]
[White "Gelfenbaum, Daniel"]
[Black "Faralisz, Patrick"]
[Result "0-1"]
[WhiteElo "1554"]
[BlackElo "1136"]
[PlyCount "106"]
[EventDate "2013.09.20"]
[EventType "swiss"]
[EventRounds "5"]
[EventCountry "GER"]
[SourceTitle "EXT 2016"]
[Source "ChessBase"]
[SourceDate "2015.10.08"]
[SourceVersion "1"]
[SourceVersionDate "2015.10.08"]
[SourceQuality "1"]

1. e4 e6 2. d4 d5 3. e5 c5 4. dxc5 Bxc5 5. Bd3 Nc6 6. Nf3 Qc7 7. Qe2 b6 8. 0-0 Bb7 9. Nc3 0-0-0 10. Nb5 Qd7 11. c3 Nh6 12. Bg5 Rdf8 13. b4 Be7 14. Bxe7 Qxe7 15. Nd6+ Kd8 16. b5 Na5 17. c4 Qc7 18. cxd5 Bxd5 19. Rac1 Qd7 20. Qc2 Nb7 21. Qc8+ Qxc8 22. Nxc8 Nf5 23. Bxf5 Bxf3 24. gxf3 exf5 25. Nxa7 Nc5 26. Nc6+ Kc7 27. Nd4 Ra8 28. Rc2 Rhd8 29. Nb3 Rd5 30. Nxc5 Rxc5 31. Rxc5+ bxc5 32. Ra1 Ra3 33. Rc1 Kb6 34. Rb1 Rxf3 35. Kf1 Rd3 36. Ke2 Ra3 37. Rb2 g5 38. Kd2 h5 39. Ke2 g4 40. Kf1 f4 41. Kg2 h4 42. Kf1 c4 43. Ke2 g3 44. hxg3 fxg3 45. fxg3 Rxg3 46. Kf2 Rd3 47. Rb1 c3 48. Ke2 Rd2+ 49. Ke3 h3 50. Rh1 h2 51. a4 Ra2 52. Kf3 c2 53. Rc1 Rb2 0-1

[Event "Eschborn op 10th"]
[Site "Eschborn"]
[Date "2013.08.30"]
[Round "1"]
[White "Gelfenbaum, Daniel"]
[Black "Syed, Tareq"]
[Result "0-1"]
[WhiteElo "1465"]
[BlackElo "1916"]
[PlyCount "58"]
[EventDate "2013.08.30"]
[EventType "swiss"]
[EventRounds "5"]
[EventCountry "GER"]
[SourceTitle "EXT 2014"]
[Source "ChessBase"]
[SourceDate "2013.11.20"]
[SourceVersion "1"]
[SourceVersionDate "2013.11.20"]
[SourceQuality "1"]

1. e4 d6 2. d4 Nf6 3. Nc3 Nbd7 4. Nf3 e5 5. dxe5 dxe5 6. Be3 Bb4 7. Bd3 c6 8. 0-0 Qc7 9. Qe2 Nf8 10. h3 h6 11. Rad1 g5 12. Nh2 Ng6 13. Ng4 Nxg4 14. hxg4 Nf4 15. Bxf4 gxf4 16. Bc4 Qe7 17. Rd2 Rg8 18. f3 Bc5+ 19. Rf2 h5 20. Kf1 hxg4 21. Ke1 Bxf2+ 22. Qxf2 g3 23. Qf1 Bd7 24. Bb3 Rh8 25. Rd1 Rh2 26. Kd2 Bh3 27. Ke1 Bxg2 28. Qd3 Rh1+ 29. Ke2 Bf1+ 0-1